000 00328nam a22001457a 4500
020 _a978-93-83080-47-2
082 _a030
_bJOS/H
100 _aJOS, K D
245 _aHINDI MALAYALAM DICTIONARY
250 _a16TH EDITION
260 _aTRICHUR
_bH & C STORES
_c2014
300 _a512
650 _aDICTIONARY
_zINDIA
942 _cBK
999 _c2116
_d2116